000 00290nam a2200133 i 4500
001 bg
245 0 _aElektrostaticeskie raketnye dvigateli.
260 _aMoskva,
_c1964.
040 _cBPK
041 _apol
080 _a621.455
942 _cKS
008 s pl f |000 0 pol
999 _c8706
_d8706
856 _uhttp://koha.tu.koszalin.pl/cgi-bin/koha/opac-detail.pl?biblionumber=8706
_yKatalog online BPK